<?xml version="1.0" encoding="UTF-8"?>
<record
    xmlns:xsi="http://www.w3.org/2001/XMLSchema-instance"
    xsi:schemaLocation="http://www.loc.gov/MARC21/slim http://www.loc.gov/standards/marcxml/schema/MARC21slim.xsd"
    xmlns="http://www.loc.gov/MARC21/slim">

  <leader>00594nam a2200133 a 4500</leader>
  <controlfield tag="008">120416s1985    ||||||||||||||||| ||    u</controlfield>
  <datafield tag="050" ind1=" " ind2=" ">
    <subfield code="a">GB 1001.72.S3 Wat</subfield>
  </datafield>
  <datafield tag="100" ind1=" " ind2=" ">
    <subfield code="a">Frank, F</subfield>
  </datafield>
  <datafield tag="245" ind1="1" ind2="0">
    <subfield code="a">Water sampling and chemical analysis for underground water investigations</subfield>
    <subfield code="c">translated from the German editions by F. Frank</subfield>
  </datafield>
  <datafield tag="260" ind1=" " ind2=" ">
    <subfield code="a">Hamburg</subfield>
    <subfield code="b">Verlag Paul Parey</subfield>
    <subfield code="c">1985</subfield>
  </datafield>
  <datafield tag="300" ind1=" " ind2=" ">
    <subfield code="a">[vii], 84p. : ill.</subfield>
  </datafield>
  <datafield tag="350" ind1=" " ind2=" ">
    <subfield code="a">0.00</subfield>
  </datafield>
  <datafield tag="995" ind1=" " ind2=" ">
    <subfield code="D">0.00</subfield>
    <subfield code="F">CBU-MAIN LIBRARY (Kitwe)</subfield>
    <subfield code="H">1</subfield>
    <subfield code="I">85.00</subfield>
    <subfield code="M">1</subfield>
    <subfield code="U">AVAILABLE</subfield>
    <subfield code="W">Feb 22, 2007</subfield>
    <subfield code="Z">Main Library Open Access Collection</subfield>
  </datafield>
  <datafield tag="999" ind1=" " ind2=" ">
    <subfield code="c">61499</subfield>
    <subfield code="d">61499</subfield>
  </datafield>
  <datafield tag="952" ind1=" " ind2=" ">
    <subfield code="0">0</subfield>
    <subfield code="1">0</subfield>
    <subfield code="2">lcc</subfield>
    <subfield code="4">0</subfield>
    <subfield code="7">0</subfield>
    <subfield code="a">001</subfield>
    <subfield code="b">001</subfield>
    <subfield code="c">Main Library Open Access Collection</subfield>
    <subfield code="d">2022-11-30</subfield>
    <subfield code="l">0</subfield>
    <subfield code="o">GB 1001.72.S3 Wat</subfield>
    <subfield code="p">002211</subfield>
    <subfield code="r">2022-11-30</subfield>
    <subfield code="w">2022-11-30</subfield>
    <subfield code="y">002</subfield>
  </datafield>
</record>
